Advaitic sadhana : or The yoga of direct liberation: containing English translation of Mandukyopanisad and Atmabodha /

Saved in:
Bibliographic Details
Main Author: Cohen, Sulman Samuel, 1895-
Format: Book
Language:English
Published: Delhi : Motilal Banarsidass, 1975.
Edition:1st ed.
Subjects:
LEADER 00948nam a2200241 i 4500
001 c000257343
003 CARM
005 00000000000000.0
008 850430s1975 ii 0 eng d
019 1 |a 845998  |5 LACONCORD2021 
035 |a (OCoLC)2792467  |5 LACONCORD2021 
082 0 4 |a 294.543 
100 1 |a Cohen, Sulman Samuel,  |d 1895- 
245 1 0 |a Advaitic sadhana :  |b or The yoga of direct liberation: containing English translation of Mandukyopanisad and Atmabodha /  |c S.S. Cohen. 
250 |a 1st ed. 
260 |a Delhi :  |b Motilal Banarsidass,  |c 1975. 
300 |a 92 p. 
600 1 0 |a Śaṅkarācārya, Atmabodha. 
630 0 0 |a Upanishads.  |p Māṇḍūkyopaniṣad. 
650 0 |a Spiritual life  |x Hinduism. 
852 8 |b CARM  |h A2:AP23G0  |i B06919  |p 0324609  |f BK 
999 f f |i 05e2f4b6-da73-5254-9b4d-c15ffdebc1af  |s 2b7ace38-a783-5e38-8c00-b078742d6148 
952 f f |p Can circulate  |a CAVAL  |b CAVAL  |c CAVAL  |d CARM 1 Store  |e B06919  |f A2:AP23G0  |h Other scheme  |i book  |m 0324609